00978 a2200241 4500003000500000005001700005010001300022020001500035040000900050082001500059100002700074245007200101250002200173260003300195300003000228505009600258600002700354650007200381942001200453999001900465952010100484952015100585Nust20230125103808.0 a48007942 a0806503645 cNust a892.78,GIB aGibran, Kahlil,910190 aSpirits rebellious : bTranslanted from the Arabic /cKahlil Gibran a1st American ed.] aA. A. Knopf,bNew Yorkc1948 aix, 139 p.;billusc22 cm aMadame Rose Hanie (Page-1), The Cry of The Graves (Page-29), Khalil The Heretic (Page-47).  aGibran, Kahlil,910190 aSpirits rebellious; tr. from the Arabic, and with an introd9107603 2ddccBK c185043d185043 00102ddc40708NFICaMCSbMCSd2016-12-12l0o892.78 GIBpMCS3637r2016-12-08w2016-12-12yBK 00102ddc4070aMCSbMCScGENd2016-12-12l5o892.78,GIBpMCS36504q2025-11-13r2025-07-16s2025-07-16w2016-12-12yBKzAlmirah No.58, Shelf No.2